000 00259nam a2200109Ia 4500
008 190216s9999||||xx |||||||||||||| ||und||
100 _aArnold Villiers
245 0 _aComplete Letter Writing
260 _bAllied Publications
650 _aEnglish
942 _cBK
999 _c12876
_d12876